LEADER 02155oam 2200397 a 450 001 9910702379903321 005 20121120152514.0 035 $a(CKB)5470000002426357 035 $a(OCoLC)818787275 035 $a(EXLCZ)995470000002426357 100 $a20121120d2012 ua 0 101 0 $aeng 135 $aurbn||||||||| 181 $ctxt$2rdacontent 182 $cc$2rdamedia 183 $acr$2rdacarrier 200 10$aCultural property$b[electronic resource] $ememorandum of understanding between the United States of America and Bolivia, signed at Washington, December 4, 2001, and agreement amending and extending the memorandum of understanding, effected by exchange of notes at La Paz, November 27 and 29, 2006, and agreement extending the memorandum of understanding, effected by exchange of notes at La Paz, October 31 and November 10, 2011 210 1$a[Washington, D.C.] :$cU.S. Dept. of State,$d[2012?] 215 $a1 online resource (22 unnumbered pages) 225 1 $aTreaties and other international acts series ;$v01-1204 300 $aTitle from title screen (viewed on Nov. 20, 2012). 517 3 $aMemorandum of understanding between the United States of America and Bolivia, signed at Washington, December 4, 2001, and agreement amending and extending the memorandum of understanding, effected by exchange of notes at La Paz, November 27 and 29, 2006, and agreement extending the memorandum of understanding, effected by exchange of notes at La Paz, October 31 and November 10, 2011 606 $aCultural property$xProtection$xLaw and legislation$zUnited States 606 $aCultural property$xProtection$xLaw and legislation$zBolivia 606 $aHistoric preservation$xInternational cooperation 615 0$aCultural property$xProtection$xLaw and legislation 615 0$aCultural property$xProtection$xLaw and legislation 615 0$aHistoric preservation$xInternational cooperation. 712 02$aUnited States.$bDepartment of State. 801 0$bGPO 801 1$bGPO 801 2$bGPO 906 $aBOOK 912 $a9910702379903321 996 $aCultural property$93439492 997 $aUNINA LEADER 03132oam 2200589 c 450 001 9910563019803321 005 20250513224743.0 024 7 $a10.3726/b14053 035 $a(CKB)5450000000174171 035 $a(oapen)https://directory.doabooks.org/handle/20.500.12854/33181 035 $a(PH02)9783631755495 035 $a(MiAaPQ)EBC30686016 035 $a(oapen)doab33181 035 $a(EXLCZ)995450000000174171 100 $a20240525h20181992 uy 0 101 0 $ager 135 $aurnnunnnannuu 181 $ctxt$2rdacontent 182 $cc$2rdamedia 183 $acr$2rdacarrier 200 00$aZur ökonomischen und politisch-institutionellen Analyse öffentlicher Kredithilfen$fCay Folkers, Peter Mendler 205 $a1st, New ed. 210 $aFrankfurt a.M$cPH02$d2018 210 $d2018, c1992 215 $a1 online resource (437 p.)$c, EPDF 225 0 $aHohenheimer volkswirtschaftliche Schriften$v14 300 $aPeter Lang GmbH, Internationaler Verlag der Wissenschaften 311 08$a3-631-75549-X 327 $aAus dem Inhalt: O?ffentliche Kredithilfen in Deutschland - Kreditmarkttheorie - Theorie der Subventionswirkungen - Inzidenztheorie - Politische O?konomie der Kredithilfen und außerbudgeta?rer Einrichtungen - Konstitutionelle Theorie. 330 $aDie staatliche Subventionsgewa?hrung erfolgt vielfach in der Form o?ffentlicher Kredithilfen, die ha?ufig von außerbudgeta?ren Einrichtungen vergeben und finanziert werden. Im Rahmen einer positiven Wirkungsanalyse wird untersucht, wie sich die Individuen an gegebene Kredithilfeprogramme anpassen und welche allokativen und distributiven Konsequenzen daraus resultieren. Um die Entscheidung zugunsten o?ffentlicher Kredithilfen als Subventionsform und deren verbreitete Realisierung außerhalb des Budgets zu erkla?ren, wird der politische Prozeß in die weitere Analyse einbezogen. Dabei wird insbesondere diskutiert, inwieweit einzelne Gruppen von Subventionsnachfragern und -anbietern durch Kredithilfen und die Einschaltung außerbudgeta?rer Einrichtungen Verteilungsvorteile zu Lasten der Allgemeinheit erzielen ko?nnen. Schließlich wird analysiert, wie durch konstitutionelle Regeln mo?gliche Scha?den fu?r die Allgemeinheit aufgrund von Kredithilfen und außerbudgeta?ren Einrichtungen begrenzt werden ko?nnen. 606 $aPolitical science & theory$2bicssc 606 $aEconomic theory & philosophy$2bicssc 606 $aPolitical economy$2bicssc 610 $aAnalyse 610 $ainstitutionellen 610 $aKredithilfen 610 $aMendler 610 $aöffentlicher 610 $aökonomischen 610 $apolitisch 615 7$aPolitical science & theory 615 7$aEconomic theory & philosophy 615 7$aPolitical economy 700 $aMendler$b Peter$4auth$01327550 702 $aFolkers$b Cay$4edt 702 $aMendler$b Peter$4aut 801 0$bPH02 801 1$bPH02 906 $aBOOK 912 $a9910563019803321 996 $aZur o?konomischen und politisch-institutionellen Analyse o?ffentlicher Kredithilfen$94173760 997 $aUNINA